| 000 | 00744nam a2200181Ia 4500 | ||
|---|---|---|---|
| 008 | 090630s9999 xx 000 0 und d | ||
| 082 | _b17376 | ||
| 100 | _aपरशुराम भक्त. | ||
| 245 |
_aभगवान श्री परशुराम व श्री क्षेत्र. _cपरशुराम भक्त. |
||
| 260 | _b--- | ||
| 300 | _a0 | ||
| 600 | _aपरशुराम भक्त. | ||
| 630 | _aभगवान श्री परशुराम व श्री क्षेत्र. | ||
| 655 | _aधार्मिक. | ||
| 700 | _aपरशुराम भक्त. | ||
| 730 | _aभगवान श्री परशुराम व श्री क्षेत्र. | ||
| 942 | _cBOOK | ||
| 999 |
_c269232 _d269232 |
||